Statistics for Oceania Continent Quiz

Click here to take the quiz!

General Stats

  • This quiz has been taken 17 times
  • The average score is 10 of 13

Answer Stats

QuestionAnswer% Correct
What is the largest and most populated country in Oceania?Australia
94%
What country are the Pitcairn Islands a part of?United Kingdom
94%
What country is New Caledonia a part of?France
88%
What is the national animal of New Zealand?Kiwi
88%
What is the largest city in New Zealand?Auckland
82%
What country invaded Oceania in world war 2?Japan
82%
What is the smallest country in Oceania?Nauru
82%
What is the largest city in Oceania?Sydney
82%
What country was previously held by Australia before independence?Papua New Guinea
76%
What animal did Australia go to war with in 1932?Emu
59%
What country switched time zones in 2011?Samoa
59%
What boundary should cross Oceania but doesn’t?International date line
53%
What do the Marshall Islands, Palau, and F.S.Micronesia have with the United States?Compact of free association
12%

Score Distribution

Percentile by Number Answered

Percent of People with Each Score

Your Score History

You have not taken this quiz